Statistics for JesssFam Quiz

Click here to take the quiz!

General Stats

  • This quiz has been taken 42 times
  • The average score is 8 of 9

Answer Stats

HintAnswer% Correct
MotherJess
100%
FatherChris
94%
SonTommy
94%
SonCaden
89%
SonKaden
89%
SonKyson
83%
SonLanden
83%
DaughterLilia
83%
DaughterAddelyn
61%

Score Distribution

Percentile by Number Answered

Percent of People with Each Score

Your Score History

You have not taken this quiz